[Event "5. HSK Weihnachts-Open 2019"]
[Site "Hamburg"]
[Date "2019.12.28"]
[Round "3.31"]
[White "Kaußmann, Jean-David"]
[Black "Echt, Pascal"]
[Result "1/2-1/2"]
[WhiteElo "1593"]
[BlackElo "1428"]
[PlyCount "103"]
[EventDate "2019.12.27"]

1. d4 Nf6 2. Bf4 d5 3. e3 c5 4. c3 Nc6 5. Nf3 Qb6 6. Qb3 c4 7. Qxb6 axb6 8.
Nbd2 Bf5 9. h3 Ne4 10. Be2 h6 11. O-O e6 12. Nxe4 Bxe4 13. Nd2 Bg6 14. b3 b5
15. b4 Ra4 16. Bd1 Ra3 17. Nf3 f6 18. Re1 Be7 19. Nd2 f5 20. Nb1 Ra6 21. a4 O-O
22. Nd2 Rfa8 23. Nf3 Bh5 24. Bc2 Bf6 25. Rab1 Bxf3 26. gxf3 Ne7 27. a5 g5 28.
Bc7 Rc6 29. Bb6 Ng6 30. Kf1 Kf7 31. e4 Nh4 32. Ke2 Re8 33. e5 Bd8 34. Bxd8 Rxd8
35. Rg1 Ng6 36. Ke3 f4+ 37. Ke2 Nh4 38. Rg4 Ra6 39. Rbg1 Rg8 40. Bb1 b6 41.
axb6 Rxb6 42. Rc1 Ra6 43. Rgg1 Ra3 44. Rc2 Rga8 45. Rgc1 Ra1 46. Rb2 R8a3 47.
Rcc2 Nf5 48. Ra2 R1xa2 49. Rxa2 Rxa2+ 50. Bxa2 Ke7 51. Bb1 Ng7 52. Bc2 1/2-1/2

[Event "5. HSK Weihnachts-Open 2019"]
[Site "Hamburg"]
[Date "2019.12.28"]
[Round "3.32"]
[White "Kock, Rudolf"]
[Black "Wang, Huanying"]
[Result "1-0"]
[WhiteElo "1550"]
[BlackElo "1293"]
[PlyCount "115"]
[EventDate "2019.12.27"]

1. f4 g6 2. Nf3 Bg7 3. e4 Nf6 4. Nc3 a6 5. a4 O-O 6. Bc4 Nc6 7. O-O d6 8. d4
Ng4 9. h3 Nf6 10. Be3 Bh6 11. Qd2 Nh5 12. Kh2 e6 13. g4 Nf6 14. g5 Bg7 15. gxf6
Bxf6 16. Rg1 Qd7 17. Bf1 b6 18. Ne2 d5 19. e5 Be7 20. c3 Na5 21. Nc1 Nc4 22.
Bxc4 dxc4 23. Ne2 Bb7 24. Rgf1 f6 25. exf6 Bxf6 26. Ne5 Qd5 27. Ng3 Bxe5 28.
dxe5 Qc6 29. Qe2 Rad8 30. Bd4 Qd5 31. Rad1 c5 32. Be3 Qc6 33. Ra1 Rd3 34. Rf2
Rfd8 35. Raf1 Rxe3 36. Qxe3 Rd3 37. Qe2 Qxa4 38. Ne4 Kf8 39. Nd6 Rf3 40. Nxb7
Rxf2+ 41. Qxf2 Qc6 42. Qg2 Qd7 43. Nd6 Kg7 44. Qb7 Qxb7 45. Nxb7 a5 46. Rd1 Kh6
47. h4 a4 48. Kg3 b5 49. Nxc5 g5 50. hxg5+ Kg6 51. Rd6 Kf7 52. Rxe6 a3 53. bxa3
b4 54. Rf6+ Kg7 55. axb4 Kg8 56. b5 Kg7 57. Ne6+ Kg8 58. Rf8# 1-0

[Event "5. HSK Weihnachts-Open 2019"]
[Site "Hamburg"]
[Date "2019.12.28"]
[Round "3.33"]
[White "Mago, Helmut"]
[Black "Mi, Gufeng"]
[Result "0-1"]
[WhiteElo "1247"]
[BlackElo "1541"]
[PlyCount "32"]
[EventDate "2019.12.27"]

1. c4 g6 2. g3 Bg7 3. Nc3 d6 4. Bg2 Nf6 5. Nf3 c6 6. d4 O-O 7. h3 Re8 8. O-O
Nbd7 9. Re1 e5 10. e4 Qc7 11. Qc2 exd4 12. Nxd4 Ne5 13. Bf1 Bd7 14. b4 a5 15.
b5 c5 16. Nb3 Nf3+ 0-1

[Event "5. HSK Weihnachts-Open 2019"]
[Site "Hamburg"]
[Date "2019.12.28"]
[Round "3.34"]
[White "Roth, Paul Konstantin"]
[Black "Englert, Barbara"]
[Result "1-0"]
[WhiteElo "1501"]
[BlackElo "1240"]
[PlyCount "65"]
[EventDate "2019.12.27"]

1. e4 c5 2. Nf3 Nc6 3. Bb5 Nf6 4. Bxc6 bxc6 5. d3 d6 6. h3 Bb7 7. Be3 e5 8.
Nbd2 h6 9. Nc4 Nd7 10. a4 d5 11. Ncxe5 dxe4 12. dxe4 Nxe5 13. Qxd8+ Rxd8 14.
Nxe5 Bd6 15. Nd3 c4 16. Nc5 Rb8 17. Nxb7 Rxb7 18. Bd4 O-O 19. O-O a6 20. Rfd1
Rd8 21. Bc3 f6 22. Rd4 Rbd7 23. Rxc4 Be5 24. Bxe5 Rd1+ 25. Rxd1 Rxd1+ 26. Kh2
fxe5 27. Rxc6 Rd2 28. Kg3 h5 29. Kf3 Rd1 30. Rxa6 g5 31. Ra5 Rh1 32. Rxe5 g4+
33. hxg4 1-0

[Event "5. HSK Weihnachts-Open 2019"]
[Site "Hamburg"]
[Date "2019.12.28"]
[Round "3.35"]
[White "Lohkamp, Rolf"]
[Black "Grunert, Heinrich"]
[Result "1-0"]
[WhiteElo "1452"]
[BlackElo "1239"]
[PlyCount "67"]
[EventDate "2019.12.27"]

1. d4 d5 2. c4 dxc4 3. e4 Nf6 4. Nc3 Nc6 5. e5 Nd5 6. Bxc4 Nxc3 7. bxc3 e6 8.
Nf3 Be7 9. O-O O-O 10. Bf4 a6 11. Qc2 b5 12. Bd3 h6 13. Be4 Bb7 14. Rad1 Rb8
15. d5 Na5 16. dxe6 Qc8 17. exf7+ Rxf7 18. Qd2 Bxe4 19. Rfe1 Bxf3 20. e6 Rf6
21. gxf3 Nc4 22. Qd7 Qxd7 23. exd7 Kf8 24. Bxc7 Ra8 25. Rxe7 Rg6+ 26. Kh1 Kxe7
27. d8=Q+ Rxd8 28. Bxd8+ Ke6 29. Bc7 Ne5 30. Re1 Kd7 31. Bxe5 Re6 32. f4 Ke7
33. Re3 g5 34. f5 1-0

[Event "5. HSK Weihnachts-Open 2019"]
[Site "Hamburg"]
[Date "2019.12.28"]
[Round "4.1"]
[White "Jahncke, Giso"]
[Black "Krause, Benedict"]
[Result "1/2-1/2"]
[WhiteElo "2320"]
[BlackElo "2423"]
[PlyCount "27"]
[EventDate "2019.12.27"]

1. d4 Nf6 2. c4 g6 3. g3 c6 4. Bg2 d5 5. Nf3 Bg7 6. O-O O-O 7. cxd5 cxd5 8. Ne5
Ne4 9. Nc3 Nxc3 10. bxc3 Nc6 11. Nxc6 bxc6 12. Qa4 Qb6 13. Ba3 Qa6 14. Qxa6 $11
1/2-1/2

[Event "5. HSK Weihnachts-Open 2019"]
[Site "Hamburg"]
[Date "2019.12.28"]
[Round "4.4"]
[White "Hochgräfe, Markus"]
[Black "Falke, Isaak"]
[Result "1-0"]
[WhiteElo "2415"]
[BlackElo "2107"]
[PlyCount "93"]
[EventDate "2019.12.27"]

1. Nf3 c5 2. c4 Nc6 3. Nc3 g6 4. e3 Nf6 5. d4 cxd4 6. exd4 d5 7. cxd5 Nxd5 8.
Qb3 Nxc3 9. Bc4 Nd5 10. Bxd5 e6 11. Bxc6+ bxc6 12. O-O Qb6 13. Bf4 Qxb3 14.
axb3 f6 15. Nd2 c5 16. Nc4 Kf7 17. dxc5 Bb7 18. Nd6+ Bxd6 19. Bxd6 a6 20. Ra5
Bc6 21. f4 Rhc8 22. Rfa1 Bb5 23. Kf2 h5 24. g3 Bd3 25. Ke3 Bb5 26. Kd4 Rd8 27.
b4 Ke8 28. Re1 Kd7 29. Ra3 Re8 30. h3 Rad8 31. Rae3 Bc6 32. g4 h4 33. g5 f5 34.
Ra1 Bb5 35. Ke5 Rg8 36. Kf6 Rde8 37. b3 Kc8 38. Rxe6 Rxe6+ 39. Kxe6 Re8+ 40.
Be7 Be2 41. Kf7 Bb5 42. Re1 Kd7 43. Rd1+ Kc8 44. Rd6 Rh8 45. Kxg6 Bf1 46. Kg7
Re8 47. Kf7 1-0

[Event "5. HSK Weihnachts-Open 2019"]
[Site "Hamburg"]
[Date "2019.12.28"]
[Round "4.5"]
[White "Ertan, Can"]
[Black "Schroeder, Christoph"]
[Result "1-0"]
[WhiteElo "2373"]
[BlackElo "2159"]
[PlyCount "81"]
[EventDate "2019.12.27"]

1. e4 e6 2. d4 d5 3. Nc3 dxe4 4. Nxe4 Nd7 5. Nf3 Ngf6 6. Nxf6+ Nxf6 7. Bd3 c5
8. Bf4 cxd4 9. Nxd4 a6 10. O-O Be7 11. Re1 O-O 12. c3 Nd5 13. Bg3 Bf6 14. Nf3
Bd7 15. Ne5 Be8 16. Be4 Rc8 17. c4 Bxe5 18. Bxe5 f6 19. cxd5 fxe5 20. dxe6 Qb6
21. Qe2 Bb5 22. Qh5 Qxf2+ 23. Kh1 g6 24. Qxe5 Qc5 25. Qxc5 Rxc5 26. Bxb7 Bc6
27. e7 Re8 28. b4 Rc2 29. Bxc6 Rxc6 30. Re4 Kf7 31. Rf1+ Rf6 32. Rfe1 Rf2 33.
a3 Ra2 34. R4e3 Rf2 35. Kg1 Rf5 36. a4 Rf4 37. Rf1 Rxf1+ 38. Kxf1 Rxe7 39.
Rxe7+ Kxe7 40. Ke2 Kd6 41. Ke3 1-0

[Event "5. HSK Weihnachts-Open 2019"]
[Site "Hamburg"]
[Date "2019.12.28"]
[Round "4.6"]
[White "Giraud, Valerian"]
[Black "Ritscher, Jan-Paul"]
[Result "0-1"]
[WhiteElo "1972"]
[BlackElo "2253"]
[PlyCount "120"]
[EventDate "2019.12.27"]

1. d4 d5 2. Bf4 c5 3. e3 Nc6 4. c3 Nf6 5. Nd2 e6 6. Ngf3 Bd6 7. Bg3 O-O 8. Bd3
b6 9. Ne5 Bb7 10. O-O Qc7 11. f4 Ne7 12. Bh4 Ne4 13. Bxe7 Qxe7 14. Qc2 Nxd2 15.
Qxd2 f6 16. Nf3 e5 17. fxe5 fxe5 18. Nxe5 Bxe5 19. dxe5 Qxe5 20. Rxf8+ Rxf8 21.
Rf1 Rxf1+ 22. Bxf1 Bc8 23. Bd3 Be6 24. Qf2 h6 25. a3 a5 26. Bg6 Qg5 27. Bd3 Qg4
28. Qe2 Qxe2 29. Bxe2 Kf7 30. Kf2 Kf6 31. Bd3 Ke5 32. Ke2 Bg4+ 33. Kd2 g5 34.
Bf1 Bf5 35. b4 cxb4 36. cxb4 axb4 37. axb4 d4 38. exd4+ Kxd4 39. g3 Be6 40. Be2
Bc4 41. Bd1 Bb5 42. Bb3 Bc6 43. Bf7 Bd5 44. Bxd5 Kxd5 45. Kd3 g4 46. Kc3 b5 47.
Kd3 h5 48. Ke3 Kc4 49. Kf4 Kxb4 50. Kg5 Kc4 51. Kxh5 b4 52. Kxg4 b3 53. h4 b2
54. h5 b1=Q 55. Kg5 Qh7 56. g4 Kd5 57. h6 Ke5 58. Kh5 Kf4 59. g5 Qf5 60. h7
Qxg5# 0-1

[Event "5. HSK Weihnachts-Open 2019"]
[Site "Hamburg"]
[Date "2019.12.28"]
[Round "4.8"]
[White "Hourigan, Gerrit"]
[Black "Keyser, Philipp"]
[Result "1/2-1/2"]
[WhiteElo "2301"]
[BlackElo "1980"]
[PlyCount "75"]
[EventDate "2019.12.27"]

1. Nf3 c5 2. c4 Nc6 3. Nc3 e5 4. e3 Nf6 5. d4 e4 6. Ne5 h5 7. Be2 Bd6 8. Nxc6
bxc6 9. b3 cxd4 10. Qxd4 Qe7 11. Bb2 Be5 12. Qd2 d5 13. cxd5 cxd5 14. Nb5 O-O
15. Rc1 Bxb2 16. Qxb2 Bg4 17. O-O Bxe2 18. Qxe2 g6 19. Rc7 Qe5 20. Rxa7 Rxa7
21. Nxa7 Ng4 22. g3 Qe6 23. Nb5 Ne5 24. Kg2 h4 25. Nd4 Qe7 26. Qb5 hxg3 27.
hxg3 Rd8 28. Qa6 Qg5 29. Rc1 Kg7 30. Rc7 Qh5 31. Ne6+ Kg8 32. Nxd8 Qf3+ 33. Kg1
Qd1+ 34. Qf1 Nf3+ 35. Kg2 Ne1+ 36. Kg1 Nf3+ 37. Kg2 Ne1+ 38. Kg1 1/2-1/2

[Event "5. HSK Weihnachts-Open 2019"]
[Site "Hamburg"]
[Date "2019.12.28"]
[Round "4.9"]
[White "Popvasilev, Kaloyan"]
[Black "Kurth, Michael"]
[Result "1/2-1/2"]
[WhiteElo "2133"]
[BlackElo "1971"]
[PlyCount "138"]
[EventDate "2019.12.27"]

1. e4 c5 2. Nf3 Nc6 3. b4 cxb4 4. a3 e6 5. axb4 Bxb4 6. c3 Be7 7. d4 d5 8. e5
h5 9. Bd3 Nh6 10. O-O Nf5 11. Ba3 a6 12. Bxe7 Qxe7 13. Na3 Rb8 14. Bxf5 exf5
15. Nc2 Be6 16. Nfe1 g6 17. Nd3 a5 18. Ne3 b5 19. Qf3 Rd8 20. Nf4 Qd7 21. Rfd1
h4 22. Rab1 Kf8 23. Nd3 b4 24. Nc5 Qc8 25. cxb4 axb4 26. Nc2 Nxd4 27. Nxe6+
Nxe6 28. Nxb4 d4 29. Nc6 Ng5 30. Qa3+ Kg7 31. Nxd8 Qxd8 32. Qa7 Ne6 33. Rb7 Rf8
34. Rd7 Qc8 35. Rd6 Qe8 36. h3 Nf4 37. Re1 Ne6 38. Rd1 Kg8 39. Kh1 Kg7 40. Rb1
Kg8 41. Rc1 Nf4 42. Qxd4 Ne2 43. Qc4 Qxe5 44. Rxg6+ Kh7 45. Rg5 Nf4 46. Qc2 Qe4
47. Qxe4 fxe4 48. Rg4 Nd3 49. Rxh4+ Kg6 50. Rc6+ Kg5 51. Rg4+ Kh5 52. Kg1 f5
53. Rg7 f4 54. h4 Rb8 55. Rh7+ Kg4 56. Rg6+ Kf5 57. Rg5+ Kf6 58. Rh6+ Kf7 59.
Rh7+ Kf6 60. Rh6+ Kf7 61. Ra5 Rb1+ 62. Kh2 Nxf2 63. Ra7+ Kg8 64. Rg6+ Kh8 65.
g3 f3 66. Rh6+ Kg8 67. Rg6+ Kh8 68. Rh6+ Kg8 69. Rg6+ Kh8 1/2-1/2

[Event "5. HSK Weihnachts-Open 2019"]
[Site "Hamburg"]
[Date "2019.12.28"]
[Round "4.10"]
[White "Wanner, Lukas"]
[Black "Mix, Clemens"]
[Result "1/2-1/2"]
[WhiteElo "2099"]
[BlackElo "1931"]
[PlyCount "69"]
[EventDate "2019.12.27"]

1. c4 c5 2. g3 g6 3. Bg2 Bg7 4. Nc3 Nc6 5. a3 e6 6. Rb1 Nge7 7. b4 cxb4 8. axb4
d5 9. b5 Na5 10. cxd5 exd5 11. d4 Bf5 12. Ra1 Rc8 13. Ra3 Nc4 14. Ra2 Qb6 15.
Nf3 O-O 16. O-O Ne3 17. Bxe3 Rxc3 18. Bg5 f6 19. Bd2 Rc4 20. Qb3 Rfc8 21. Rfa1
Bc2 22. Qb2 Nf5 23. Rxa7 Be4 24. Ra8 Nd6 25. Bf4 Qxb5 26. Qa3 Rxa8 27. Qxa8+
Rc8 28. Qa7 Nc4 29. h4 Bf8 30. e3 Bd6 31. Bxd6 Nxd6 32. Qa3 Qc6 33. Qb4 Qc3 34.
Qxc3 Rxc3 35. Ra8+ 1/2-1/2

[Event "5. HSK Weihnachts-Open 2019"]
[Site "Hamburg"]
[Date "2019.12.28"]
[Round "4.11"]
[White "Nyenhuis, Yannek"]
[Black "Callsen, Niklas"]
[Result "1/2-1/2"]
[WhiteElo "1951"]
[BlackElo "2072"]
[PlyCount "29"]
[EventDate "2019.12.27"]

1. d4 Nf6 2. Bf4 g6 3. Nc3 d5 4. e3 Bg7 5. h4 c5 6. Nb5 Na6 7. a4 Bf5 8. c3 O-O
9. Be2 h5 10. Nf3 Ne4 11. Ng5 Qd7 12. Nxe4 dxe4 13. O-O Rad8 14. Qb3 Bf6 15.
Bg3 1/2-1/2

[Event "5. HSK Weihnachts-Open 2019"]
[Site "Hamburg"]
[Date "2019.12.28"]
[Round "4.12"]
[White "Günther, Patrick"]
[Black "Atri, Jamshid"]
[Result "1-0"]
[WhiteElo "2063"]
[BlackElo "1917"]
[PlyCount "97"]
[EventDate "2019.12.27"]

1. e4 e5 2. Nf3 Nc6 3. Bb5 a6 4. Ba4 d6 5. c3 Bd7 6. O-O g6 7. d4 Bg7 8. d5 Nb8
9. Bxd7+ Nxd7 10. c4 Ne7 11. Nc3 O-O 12. b4 a5 13. bxa5 Rxa5 14. a4 h6 15. Ne1
f5 16. Nd3 f4 17. f3 g5 18. Bd2 b6 19. Nb5 Ra8 20. a5 Nc5 21. Nxc5 bxc5 22. Be1
Ra6 23. Rf2 Rf6 24. Nc3 Rf7 25. Rb2 Bf8 26. Qa4 c6 27. Rb7 cxd5 28. cxd5 h5 29.
Qb5 Ra8 30. Na4 Ng6 31. Rxf7 Kxf7 32. Nb6 Qb8 33. Rb1 Ne7 34. Qd3 Qa7 35. Nc4
Nc8 36. Rb5 Be7 37. Qb3 Qd7 38. Rb7 Qe8 39. Bc3 Kg6 40. Rc7 Ra7 41. Rc6 Ra8 42.
Nxe5+ Kh7 43. Nc4 Na7 44. Rb6 Nc8 45. Rb7 Ra6 46. Bb2 g4 47. Qc3 Qf8 48. e5 Qf5
49. exd6 1-0

[Event "5. HSK Weihnachts-Open 2019"]
[Site "Hamburg"]
[Date "2019.12.28"]
[Round "4.13"]
[White "Grunert, Friedrich"]
[Black "Szobries, Torsten"]
[Result "1/2-1/2"]
[WhiteElo "1930"]
[BlackElo "2034"]
[PlyCount "119"]
[EventDate "2019.12.27"]

1. d4 e6 2. c4 Nf6 3. Nc3 Bb4 4. Qc2 Nc6 5. e3 e5 6. d5 Ne7 7. a3 Bxc3+ 8. Qxc3
d6 9. Bd3 a5 10. b3 O-O 11. Ne2 a4 12. b4 b5 13. e4 bxc4 14. Qxc4 Nd7 15. Be3
Nb6 16. Qc2 f5 17. f3 Bd7 18. Nc3 fxe4 19. Bxe4 Nf5 20. Bf2 Qf6 21. O-O h6 22.
Qd3 Nd4 23. Bxd4 exd4 24. Ne2 Qe5 25. Qxd4 Qg5 26. h4 Qe7 27. Ng3 Kh8 28. Bc2
Be8 29. Qd3 g6 30. h5 gxh5 31. Rae1 Qg7 32. Re6 h4 33. Nf5 Rxf5 34. Qxf5 Bd7
35. Rfe1 Rg8 36. Qf6 Bxe6 37. Qxg7+ Kxg7 38. dxe6 Kf6 39. Kh2 Ke7 40. Kh3 Rg3+
41. Kh2 d5 42. Bf5 Rg5 43. Bg4 Nc4 44. Kh3 Nxa3 45. Ra1 Nc4 46. f4 Rg8 47. Rxa4
Ne3 48. Bf3 Kxe6 49. Ra6+ Kf5 50. Rxh6 Kxf4 51. Rxh4+ Ke5 52. Rh7 Rb8 53. Rxc7
Rxb4 54. Bxd5 Nxd5 55. Rc1 Nf4+ 56. Kh2 Ne2 57. Rc5+ Ke6 58. Rh5 Kd6 59. g3 Rb2
60. Kh3 1/2-1/2

[Event "5. HSK Weihnachts-Open 2019"]
[Site "Hamburg"]
[Date "2019.12.28"]
[Round "4.14"]
[White "Keyser, Robin"]
[Black "Egelriede, Nikolas"]
[Result "1-0"]
[WhiteElo "2022"]
[BlackElo "1865"]
[PlyCount "55"]
[EventDate "2019.12.27"]

1. d4 d5 2. c4 c6 3. Nf3 Nf6 4. Nbd2 Bf5 5. Nh4 Bg4 6. h3 Bh5 7. Qb3 Qc7 8. g4
Bg6 9. Bg2 e6 10. Nxg6 hxg6 11. e4 dxe4 12. Nxe4 Nbd7 13. Be3 O-O-O 14. Ng5 Nb8
15. O-O-O Nh7 16. Ne4 Nf6 17. Nc3 Bd6 18. Kb1 Bf4 19. Rhe1 Bxe3 20. Rxe3 Qh2
21. Rg3 Nxg4 22. Rh1 Qxh1+ 23. Bxh1 Nxf2 24. Bg2 Rxd4 25. Qc2 Rf4 26. Qd2 Rf5
27. Bf3 Nxh3 28. Qh2 1-0

[Event "5. HSK Weihnachts-Open 2019"]
[Site "Hamburg"]
[Date "2019.12.28"]
[Round "4.16"]
[White "Thieme, Daniel Otis"]
[Black "Gonzales Leon, Heriberto"]
[Result "1-0"]
[WhiteElo "1983"]
[BlackElo "1666"]
[PlyCount "115"]
[EventDate "2019.12.27"]

1. d4 Nf6 2. c4 e6 3. Nf3 d5 4. g3 c6 5. Bg2 h6 6. O-O dxc4 7. a4 Bb4 8. Ne5
Nbd7 9. Nxc4 Nb6 10. Ne5 O-O 11. a5 Nbd7 12. a6 Nxe5 13. dxe5 Nd7 14. Qb3 Qb6
15. axb7 Bxb7 16. Bf4 Nc5 17. Qc2 a5 18. Be3 Qb5 19. Na3 Bxa3 20. bxa3 Nb3 21.
Rad1 Rac8 22. a4 Qxa4 23. Rb1 Ba6 24. Qxb3 Qxb3 25. Rxb3 Bxe2 26. Ra1 a4 27.
Rc3 Bb5 28. Bc5 Rfd8 29. Bd6 Rd7 30. Bf1 Rb7 31. Bxb5 Rxb5 32. Rxa4 Rb2 33.
Rac4 Ra8 34. Rc2 Rxc2 35. Rxc2 Ra6 36. Kf1 f6 37. Ke2 Kf7 38. Rb2 g5 39. exf6
Kxf6 40. Ke3 Kf5 41. f3 Ra1 42. g4+ Kf6 43. Rc2 Ra6 44. Rc3 Rb6 45. Kd4 Ra6 46.
Be5+ Ke7 47. Bg7 Ra2 48. Bxh6 Rxh2 49. Bxg5+ Kd7 50. Ke5 Re2+ 51. Kf6 Re1 52.
Rd3+ Kc7 53. Re3 Rd1 54. Kxe6 c5 55. Rc3 Kc6 56. Be3 Rd6+ 57. Ke5 Rd5+ 58. Ke4
1-0

[Event "5. HSK Weihnachts-Open 2019"]
[Site "Hamburg"]
[Date "2019.12.28"]
[Round "4.17"]
[White "Wulf, Constanze"]
[Black "Jablonowski, Christoph"]
[Result "0-1"]
[WhiteElo "1792"]
[BlackElo "1969"]
[PlyCount "62"]
[EventDate "2019.12.27"]

1. e4 c5 2. Nc3 d6 3. f4 Nc6 4. Nf3 g6 5. Bb5 Bg7 6. O-O Bd7 7. d3 e6 8. Qe1
Nge7 9. Qh4 Qc7 10. Ne2 a6 11. Bxc6 Bxc6 12. Ng3 O-O-O 13. Rb1 d5 14. f5 dxe4
15. dxe4 gxf5 16. Bg5 fxe4 17. Bxe7 exf3 18. Bxd8 Rxd8 19. gxf3 Bd4+ 20. Kh1
Qe5 21. c3 Be3 22. Rbe1 f5 23. Qg5 Rd3 24. Re2 Bxg5 25. Rxe5 Bxf3+ 26. Rxf3
Rxf3 27. Kg2 Rd3 28. Rxe6 Kd7 29. Re2 f4 30. Ne4 f3+ 31. Kf2 Bh4+ 0-1

[Event "5. HSK Weihnachts-Open 2019"]
[Site "Hamburg"]
[Date "2019.12.28"]
[Round "4.18"]
[White "Grunert, Wilhelm"]
[Black "Sonntag, Sven"]
[Result "0-1"]
[WhiteElo "1699"]
[BlackElo "1954"]
[PlyCount "72"]
[EventDate "2019.12.27"]

1. e4 d6 2. d4 Nf6 3. Nc3 Nbd7 4. Be3 e5 5. f3 Be7 6. Qd2 c6 7. g4 h6 8. h4 Nf8
9. O-O-O Qc7 10. Be2 Be6 11. d5 Bd7 12. Nh3 a6 13. Kb1 b5 14. dxc6 Bxc6 15. g5
N6d7 16. Nd5 Bxd5 17. exd5 Rc8 18. h5 hxg5 19. Nxg5 f6 20. Ne6 Nxe6 21. dxe6
Nc5 22. Bxc5 Qxc5 23. Qd3 Rh6 24. Rdg1 Bf8 25. Rg6 Qc4 26. Qxc4 bxc4 27. Rxh6
gxh6 28. Rh4 d5 29. f4 f5 30. fxe5 Ke7 31. b3 Kxe6 32. bxc4 Kxe5 33. cxd5 Rb8+
34. Kc1 Be7 35. Rh3 Bg5+ 36. Kd1 Rb1# 0-1

[Event "5. HSK Weihnachts-Open 2019"]
[Site "Hamburg"]
[Date "2019.12.28"]
[Round "4.19"]
[White "Schmid, Janusch"]
[Black "Neumann, Oskar"]
[Result "1/2-1/2"]
[WhiteElo "1845"]
[BlackElo "1682"]
[PlyCount "63"]
[EventDate "2019.12.27"]

1. d4 d5 2. c4 dxc4 3. e3 e6 4. Bxc4 a6 5. Nc3 Nf6 6. Nge2 c5 7. O-O b5 8. Bd3
Bb7 9. a3 Nbd7 10. Bc2 Qc7 11. Bd2 Bd6 12. Ng3 cxd4 13. exd4 O-O 14. Rc1 Rac8
15. Be3 Nb6 16. Bd3 Qb8 17. Qe2 Qa8 18. f3 Nbd5 19. Nxd5 Nxd5 20. Ne4 Bc7 21.
Bf2 Nf4 22. Qd2 Nxd3 23. Qxd3 h6 24. Nc5 Bd5 25. Rfd1 Rfd8 26. Qe3 Bd6 27. Qe1
Rc6 28. Bg3 Qa7 29. Bxd6 Rcxd6 30. Qe3 Qe7 31. Rd2 Ba8 32. Rcd1 1/2-1/2

[Event "5. HSK Weihnachts-Open 2019"]
[Site "Hamburg"]
[Date "2019.12.28"]
[Round "4.20"]
[White "Von Rosen, Jakob"]
[Black "Nickel, Jonas"]
[Result "1-0"]
[WhiteElo "1665"]
[BlackElo "1793"]
[PlyCount "71"]
[EventDate "2019.12.27"]

1. e4 c5 2. Nf3 g6 3. d4 cxd4 4. Nxd4 Bg7 5. Nc3 Nc6 6. Be3 Nf6 7. f3 O-O 8.
Bc4 Qb6 9. Bb3 d5 10. exd5 Nb4 11. Nf5 Qc7 12. Nxg7 Kxg7 13. a3 Na6 14. Qd2 Rd8
15. O-O-O Bd7 16. g4 Nc5 17. Ba2 Na4 18. Ne4 Nxe4 19. fxe4 Rac8 20. h4 f6 21.
g5 Nc5 22. gxf6+ exf6 23. Bh6+ Kh8 24. Qd4 Nxe4 25. Bb3 Bf5 {(=)} 26. Rhe1 Qe5
27. Qxa7 Rd7 28. Qd4 Qxd4 29. Rxd4 Nc5 30. Bc4 Rcd8 31. d6 Ne4 32. Rdxe4 Bxe4
33. Rxe4 Rxd6 34. b3 f5 35. Re7 R6d7 36. Bg7# 1-0

[Event "5. HSK Weihnachts-Open 2019"]
[Site "Hamburg"]
[Date "2019.12.28"]
[Round "4.21"]
[White "Renger, Maik"]
[Black "Raedisch, Peter"]
[Result "1-0"]
[WhiteElo "1959"]
[BlackElo "1572"]
[PlyCount "81"]
[EventDate "2019.12.27"]

1. d4 d5 2. c4 e6 3. Nf3 Nf6 4. Nc3 Be7 5. Bg5 Bd7 6. Bxf6 Bxf6 7. cxd5 O-O 8.
e3 Bc8 9. Bc4 a6 10. dxe6 fxe6 11. O-O b5 12. Bb3 Qd6 13. Ne4 Qe7 14. Rc1 Bb7
15. Nc5 Bd5 16. e4 Bxb3 17. Qxb3 Re8 18. e5 Bh4 19. Nxh4 Qxh4 20. Nxe6 Kh8 21.
Nxc7 Nd7 22. Nxa8 Rxa8 23. Rc7 Rd8 24. Qe3 Nb6 25. Qg3 Qh6 26. Rfc1 Nd5 27. Rc8
Qb6 28. Rxd8+ Qxd8 29. Qg4 Ne7 30. h4 h6 31. h5 Kh7 32. Qe4+ Kh8 33. Qb7 Kh7
34. Rc7 Nf5 35. Rf7 Qxd4 36. Rxf5 Qd1+ 37. Kh2 Qg4 38. Qf3 Qh4+ 39. Kg1 Qc4 40.
Rf8 Qc1+ 41. Kh2 1-0

[Event "5. HSK Weihnachts-Open 2019"]
[Site "Hamburg"]
[Date "2019.12.28"]
[Round "4.22"]
[White "Schwarzkopf, Jörg"]
[Black "Kock, Rudolf"]
[Result "1-0"]
[WhiteElo "1874"]
[BlackElo "1550"]
[PlyCount "31"]
[EventDate "2019.12.27"]

1. e4 e5 2. f4 Nc6 3. Nf3 d6 4. Bc4 h6 5. d3 Bg4 6. Nc3 Qd7 7. Be3 a6 8. h3
Bxf3 9. Qxf3 Na5 10. fxe5 dxe5 11. O-O Nf6 12. Nd5 Nxc4 13. Nxf6+ gxf6 14. dxc4
Rg8 15. Qxf6 Qxh3 16. Qxf7+ 1-0

[Event "5. HSK Weihnachts-Open 2019"]
[Site "Hamburg"]
[Date "2019.12.28"]
[Round "4.23"]
[White "Krüger, Dietrich"]
[Black "Andris, Valentin"]
[Result "0-1"]
[WhiteElo "1204"]
[BlackElo "1828"]
[PlyCount "58"]
[EventDate "2019.12.27"]

1. d4 Nf6 2. Nc3 d5 3. f3 Bf5 4. h3 h5 5. Bg5 e6 6. Bxf6 Qxf6 7. e3 Qh4+ 8. Kd2
Bb4 9. Nge2 c5 10. a3 Bxc3+ 11. bxc3 Qe7 12. Rb1 b6 13. Nf4 cxd4 14. Bb5+ Kf8
15. exd4 Qxa3 16. g4 hxg4 17. fxg4 Be4 18. Rf1 Kg8 19. Bd3 Bxd3 20. Nxd3 Rxh3
21. Ne5 Qxc3+ 22. Kc1 Qe3+ 23. Qd2 Qxd2+ 24. Kxd2 f6 25. Nd3 Nc6 26. Nf4 Rh2+
27. Kc3 Kf7 28. Rbe1 Rc8 29. Kb2 Nxd4 0-1

[Event "5. HSK Weihnachts-Open 2019"]
[Site "Hamburg"]
[Date "2019.12.28"]
[Round "4.24"]
[White "Zierott, Jan"]
[Black "Hinrichs, Winfried"]
[Result "1-0"]
[WhiteElo "1803"]
[BlackElo "1493"]
[PlyCount "65"]
[EventDate "2019.12.27"]

1. d4 Nf6 2. Bf4 d6 3. e3 g6 4. Bd3 Bg7 5. h3 O-O 6. Nf3 c5 7. c3 cxd4 8. exd4
Nc6 9. O-O b6 10. Re1 e6 11. Nbd2 Bb7 12. Nc4 Ne8 13. a4 d5 14. Nce5 Nxe5 15.
Nxe5 Nf6 16. Qd2 Nd7 17. Ng4 Kh8 18. Bd6 Re8 19. Qf4 Nf6 20. Bb5 Rg8 21. Ne5
Rf8 22. Bxf8 Qxf8 23. g4 Kg8 24. Bc6 Bxc6 25. Nxc6 Ne4 26. Qc7 Nd2 27. Kg2 Bf6
28. Qf4 Ne4 29. Rxe4 dxe4 30. Qxf6 h6 31. Re1 Qd6 32. Ne7+ Kh7 33. Qxf7+ 1-0

[Event "5. HSK Weihnachts-Open 2019"]
[Site "Hamburg"]
[Date "2019.12.28"]
[Round "4.25"]
[White "Mi, Gufeng"]
[Black "Chmielewski, Axel"]
[Result "0-1"]
[WhiteElo "1541"]
[BlackElo "1790"]
[PlyCount "74"]
[EventDate "2019.12.27"]

1. d4 Nf6 2. Nf3 e6 3. Bf4 d5 4. e3 c5 5. c3 Nc6 6. h3 Bd6 7. Bd3 O-O 8. O-O
Qe7 9. Ne5 Ne8 10. Nd2 g6 11. Bh6 Ng7 12. f4 cxd4 13. exd4 Bd7 14. Qf3 f6 15.
Nxc6 bxc6 16. Rae1 e5 17. dxe5 fxe5 18. Bg5 Qe8 19. g4 e4 20. Qg2 Qb8 21. Bxe4
dxe4 22. Nxe4 Be8 23. Nf6+ Kh8 24. Nxe8 Qb6+ 25. Kh1 Raxe8 26. Rd1 Re6 27. Rd2
Rfe8 28. Qg3 Re3 29. Qh4 Be7 30. Rd7 Bxg5 31. fxg5 Qxb2 32. Rdf7 Kg8 33. Rxa7
Qxc3 34. Qf2 Qc4 35. Rf7 Rxh3+ 36. Kg1 Qxg4+ 37. Qg2 Rg3 0-1

[Event "5. HSK Weihnachts-Open 2019"]
[Site "Hamburg"]
[Date "2019.12.28"]
[Round "4.27"]
[White "Bloh, Fabian"]
[Black "Roth, Paul Konstantin"]
[Result "1-0"]
[WhiteElo "1695"]
[BlackElo "1501"]
[PlyCount "29"]
[EventDate "2019.12.27"]

1. e4 c5 2. Nc3 d6 3. f4 a6 4. a4 b6 5. Nf3 Nd7 6. Bc4 g6 7. O-O Bg7 8. Bxf7+
Kf8 9. Ng5 Ndf6 10. e5 Ne8 11. Bd5 Ra7 12. Nf7 Qc7 13. Nxh8 Bxh8 14. f5 g5 15.
Qh5 1-0

[Event "5. HSK Weihnachts-Open 2019"]
[Site "Hamburg"]
[Date "2019.12.28"]
[Round "4.28"]
[White "Bauer, Marcus"]
[Black "Falke, Ornella"]
[Result "1-0"]
[WhiteElo "1682"]
[BlackElo "1486"]
[PlyCount "89"]
[EventDate "2019.12.27"]

1. d4 c5 2. c3 e6 3. Bf4 Nf6 4. e3 cxd4 5. exd4 d5 6. Bd3 Nc6 7. Nf3 Bd6 8. Bg3
O-O 9. Nbd2 Bd7 10. Bxd6 Re8 11. Bg3 Rc8 12. O-O a6 13. Ne5 b5 14. Ndf3 Qb6 15.
Bh4 Nxe5 16. Nxe5 Qd8 17. Ng4 e5 18. dxe5 Bxg4 19. Bxf6 Qd7 20. f3 Bf5 21. Bh4
Rxe5 22. Bg3 Re3 23. Bxf5 Qxf5 24. Re1 Rce8 25. Rxe3 Rxe3 26. Qd2 Rd3 27. Qe2
h5 28. Rd1 Rxd1+ 29. Qxd1 g5 30. Bf2 h4 31. h3 Kg7 32. Bd4+ Kg6 33. b4 Qd7 34.
Qe2 f6 35. f4 Qf5 36. fxg5 Qxg5 37. Qg4 Qxg4 38. hxg4 Kg5 39. Kf2 Kf4 40. Bxf6
Kxg4 41. Ke3 Kg3 42. Bxh4+ Kxh4 43. Kd4 Kg3 44. Kxd5 Kxg2 45. Kc5 1-0